• 首页
  • 本馆介绍
  • 公告通知
  • 最新文献
  • 馆藏检索
  • 电子资源
  • 读者导购
  • 参考咨询
  • 我的图书馆
  • 登录
  • 详细信息显示
  • 放入我的书架
  • 预约/预借图书
  • 作者相关作品
  • 分类相关作品
  • 丛书相关作品
  • 出版社相关作品

书目信息

  • 表格格式
  • 工作单格式
  • 卡片格式
题名:
一本书读懂唐朝
    
 
作者: 王永平 著
分册:  
出版信息: 北京   中华书局  2015
页数: 330页
开本: 24cm
丛书名:
单 册:
中图分类: K242.09
科图分类:
主题词: 唐代--历史--通俗读物
电子资源:
ISBN: 978-7-101-07502-1
000 00815nam0 2200241 450
001 339986
005 20150604164116.26
010    @a978-7-101-07502-1@dCNY38.00
100    @a20101116d2010 em y0chiy50 ea
101 0  @achi
102    @aCN@b110000
105    @aa z 000yy
106    @ar
200 1  @a一本书读懂唐朝@Ayi ben shu du dong tang chao@f王永平著
210    @a北京@c中华书局@d2015
215    @a330页@c图@d24cm
300    @a“一本书读懂”书系 中国断代史
330    @a本书分为上、下两编。上编“唐朝历史大势”, 按时间先后顺序, 全景展示唐王朝的历史发展进程;下编“唐朝历史专题”, 从不同方面, 全面透视高度发达与繁荣的大唐文明。
606 0  @a唐代@x历史@j通俗读物
690    @aK242.09@v5
701  0 @a王永平@Awang yong ping@f(1966)@4著
801  0 @aCN@b卓展宏图@c20150525
905    @dK242.09@e24@f5
    
    一本书读懂唐朝/王永平著.-北京:中华书局,2015
    330页:图;24cm
    “一本书读懂”书系 中国断代史
    
    ISBN 978-7-101-07502-1:CNY38.00
    本书分为上、下两编。上编“唐朝历史大势”, 按时间先后顺序, 全景展示唐王朝的历史发展进程;下编“唐朝历史专题”, 从不同方面, 全面透视高度发达与繁荣的大唐文明。
●
相关链接 在E读中查询图书 在五车中查询图书 在当当中查询图书 在豆瓣中查询图书


正题名:一本书读懂唐朝     索取号:K242.09/24         预约/预借

序号 登录号 条形码 馆藏地/架位号 状态 备注
1 855236   208552369   第二样本阅览室/ [索取号:K242.09/24] 在馆    
2 855237   208552378   第二借阅区/ [索取号:K242.09/24] 在馆    
3 855238   208552387   第二借阅区/ [索取号:K242.09/24] 在馆    
4 855239   208552396   第二借阅区/ [索取号:K242.09/24] 在馆    
5 855240   208552403   密集书库-史法系/ [索取号:K242.09/24] 在馆    
唐山师范学院图书馆 欢迎您!
大连网信软件有限公司© 版权所有